<?xml version="1.0" encoding="UTF-8"?>
<record
    xmlns:xsi="http://www.w3.org/2001/XMLSchema-instance"
    xsi:schemaLocation="http://www.loc.gov/MARC21/slim http://www.loc.gov/standards/marcxml/schema/MARC21slim.xsd"
    xmlns="http://www.loc.gov/MARC21/slim">

  <leader>00651nam a22001577a 4500</leader>
  <controlfield tag="003">OSt</controlfield>
  <controlfield tag="005">20160401104412.0</controlfield>
  <controlfield tag="008">160401b        xxu||||| |||| 00| 0 eng d</controlfield>
  <datafield tag="040" ind1=" " ind2=" ">
    <subfield code="c">RUA</subfield>
  </datafield>
  <datafield tag="082" ind1=" " ind2=" ">
    <subfield code="a">AGR TOU 2002 B472 Or.1</subfield>
  </datafield>
  <datafield tag="100" ind1=" " ind2=" ">
    <subfield code="9">8296</subfield>
    <subfield code="a">TOUCH VEASNA; &#x1791;&#x17BC;&#x1785; &#x179C;&#x17B6;&#x179F;&#x1793;&#x17B6;</subfield>
  </datafield>
  <datafield tag="245" ind1=" " ind2=" ">
    <subfield code="a">Response of maize (zea mays) to liming and phosphorus application on acid soil; &#x1780;&#x17B6;&#x179A;&#x1786;&#x17D2;&#x179B;&#x17BE;&#x1799;&#x178F;&#x1794;&#x1793;&#x17C3;&#x178A;&#x17C6;&#x178E;&#x17B6;&#x17C6;&#x1796;&#x17C4;&#x178F;&#x1791;&#x17C5;&#x1793;&#x17B9;&#x1784; &#x1780;&#x17B6;&#x179A;&#x178A;&#x17B6;&#x1780;&#x17CB;&#x1787;&#x17B8;&#x1795;&#x17BC;&#x179F;&#x17D2;&#x179C;&#x17D0;&#x179A; &#x1793;&#x17B7;&#x1784;&#x1780;&#x17C6;&#x1794;&#x17C4;&#x179A;&#x1793;&#x17C5;&#x179B;&#x17BE;&#x1787;&#x17B8;&#x17A2;&#x17B6;&#x179F;&#x17CA;&#x17B8;&#x178F;</subfield>
  </datafield>
  <datafield tag="260" ind1=" " ind2=" ">
    <subfield code="a">Phnom Penh</subfield>
    <subfield code="b">RUA</subfield>
    <subfield code="c">2002</subfield>
  </datafield>
  <datafield tag="300" ind1=" " ind2=" ">
    <subfield code="a">55p.</subfield>
    <subfield code="b">ill.</subfield>
    <subfield code="c">29cm.</subfield>
  </datafield>
  <datafield tag="942" ind1=" " ind2=" ">
    <subfield code="2">ddc</subfield>
    <subfield code="c">AGR</subfield>
  </datafield>
  <datafield tag="999" ind1=" " ind2=" ">
    <subfield code="c">7933</subfield>
    <subfield code="d">7933</subfield>
  </datafield>
  <datafield tag="952" ind1=" " ind2=" ">
    <subfield code="0">0</subfield>
    <subfield code="1">0</subfield>
    <subfield code="2">ddc</subfield>
    <subfield code="4">0</subfield>
    <subfield code="6">AGR_TOU_2002_000000000000000_B472_OR_1</subfield>
    <subfield code="7">0</subfield>
    <subfield code="9">45561</subfield>
    <subfield code="a">LBB</subfield>
    <subfield code="b">LBB</subfield>
    <subfield code="c">B472</subfield>
    <subfield code="d">2016-04-01</subfield>
    <subfield code="o">AGR TOU 2002 B472 Or.1</subfield>
    <subfield code="p">RUA058082</subfield>
    <subfield code="r">2016-04-01</subfield>
    <subfield code="w">2016-04-01</subfield>
    <subfield code="y">AGR</subfield>
  </datafield>
</record>
